000
00319nam a22001337a 4500
008
181017b xxu||||| |||| 00| 0 eng d
020
_a
9780781791564
041
_a
eng
080
_2
2nd
_a
617
100
_a
6
101
_a
ONK
245
_a
Hematology and Oncology Subspecialty Consult
_c
Cashen,A.F
942
_2
udc
_c
BK
999
_c
49986
_d
49986